| 000 | 00404nam a2200169Ia 4500 | ||
|---|---|---|---|
| 008 | 180921t2014 xxu||||| |||| 00| 0 sin d | ||
| 041 | _asin | ||
| 080 |
_a8C2 _bIBS |
||
| 100 | _aIbson, Hentic | ||
| 245 | _aරූකඩ ගෙදර | ||
| 246 | _aRookada Gedara | ||
| 260 |
_bGodage _aColombo _c2014 |
||
| 300 | _b139p, 21cm | ||
| 942 | _cBK | ||
| 999 |
_c2462 _d2462 |
||
| 003 | LK-CoDNM | ||
| 040 |
_aLK-CoDNM _dLK-CoDNM _eLK-CoDNM |
||